|
|
|
|
| LEADER |
00642cam a2200181 7i4500 |
| 001 |
0000029712 |
| 005 |
20131204090000.0 |
| 020 |
0 |
0 |
|a 9789831005637
|
| 090 |
0 |
0 |
|a B 344.59501
|b SHA
|
| 100 |
1 |
0 |
|a Sharifah Suhanah Syed Ahmad
|
| 245 |
1 |
0 |
|a Industrial relations law in Malaysia :
|b cases and materials.
|
| 260 |
0 |
0 |
|a Kuala Lumpur:
|b Penerbit University of Malaya Press,
|c 2012.
|
| 300 |
# |
# |
|a 203 p.
|
| 650 |
0 |
0 |
|a Labour laws and legislation --
|x Cases --
|z Malaysia
|
| 650 |
0 |
0 |
|a Industrial laws and legislation --
|x Cases --
|z Malaysia
|
| 650 |
0 |
0 |
|a Industrial relations
|
| 651 |
0 |
0 |
|a Malaysia
|
| 999 |
|
|
|a B000032971
|b Book
|c Book
|e Business Information Centre
|